000 00448nam a22001937a 4500
999 _c11801
_d11801
003 OSt
008 230130b ||||| |||| 00| 0 eng d
020 _a9788177583861
082 _a338.5024
100 _aPETERSEN,Craig H
245 _aManagerial Economics
250 _a4th ed
260 _aUP
_bPearson
_c2023
300 _a622
650 _aManagerial Economics
700 _aLEWIS,W Cris
700 _aJAIN,Sudhir K
942 _2ddc
_cREF